| Поле | Инд. | ПП | Название | Значение |
|---|---|---|---|---|
| Тип записи | a | |||
| Библиографический уровень | b | |||
| 001 | Контрольный номер | RU/IS/BASE/162318746 | ||
| 005 | Дата корректировки | 20200601191447.1 | ||
| 084 | a | Индекс другой классификации/Индекс ББК | 67.404.1(2Рос); 67.404.212.47(2Рос) | |
| 100 | 10 | a | Автор | Литовкин В. Н. |
| 245 | 00 | a | Заглавие | Право собственности и другие вещные права на жилище |
| 650 | a | Основная рубрика | гражданское право | |
| a | Основная рубрика | договорное право | ||
| a | Основная рубрика | жилищное право | ||
| a | Основная рубрика | обязательственное право | ||
| a | Основная рубрика | право | ||
| a | Основная рубрика | право собственности | ||
| 653 | 00 | a | Ключевые слова | вещные права |
| a | Ключевые слова | гражданские права | ||
| a | Ключевые слова | Гражданский кодекс РФ | ||
| a | Ключевые слова | жилищное законодательство | ||
| a | Ключевые слова | Жилищный кодекс РФ | ||
| a | Ключевые слова | право на жилище | ||
| a | Ключевые слова | Россия | ||
| 773 | 00 | t | Заглавие источника | Жилищное право |
| d | Дата издания источника | 2001 | ||
| g | Прочая информация | № 1. - С. 33 - 38 | ||
| w | Контрольный № источника | RU/IS/BASE/142513207 | ||
| 901 | t | Тип документа | b |